Statistics for US States by Mountain

Click here to take the quiz!

General Stats

  • This quiz has been taken 28 times
  • The average score is 10 of 16

Answer Stats

MountainState% Correct
Mount RushmoreSouth Dakota
95%
Mount RainierWashington
95%
DenaliAlaska
91%
Mount WhitneyCalifornia
86%
Grand TetonWyoming
82%
Mount ElbertColorado
77%
Stone MountainGeorgia
64%
Sawtooth MountainsIdaho
64%
Mount MansfieldVermont
64%
Black Mountain (in Harlan)Kentucky
59%
Mount Davis (in Somerset)Pennsylvania
55%
Kraft MountainNevada
45%
Mount MagazineArkansas
41%
Taum Sauk MountainMissouri
41%
Sugarloaf Mountain (in Frederick)Maryland
23%
Bear Mountain (in Salisbury)Connecticut
18%

Score Distribution

Percentile by Number Answered

Percent of People with Each Score

Your Score History

You have not taken this quiz